| 000 | 00874cam a2200265 i 4500 | ||
|---|---|---|---|
| 005 | 20260322212038.0 | ||
| 008 | data | ||
| 010 | _a 77081430r80 | ||
| 020 | _a0029049407 (v. 1) | ||
| 020 | _a0029049504 (v. 2) | ||
| 020 | _a9780029049402 (v. 1) | ||
| 020 | _a9780029049501 (v. 2) | ||
| 040 | _dCStRLIN | ||
| 050 | 0 |
_aHQ728 _b.C618 |
|
| 090 | _aHQ 728 C618 1979 | ||
| 245 | 0 | 0 |
_aContemporary theories about the family / _cedited by Wesley R. Burr. |
| 260 | 0 |
_aNew York : _bFree Press, _cc1979. |
|
| 300 |
_a2 v. : _bill. ; _c24 cm. |
||
| 504 | _aIncludes bibliographical references and index. | ||
| 505 | 0 | _av. 1. Research-based theories.--v. 2. General theories/theoretical orientations. | |
| 590 | _aVolume 1: Research-based theories; Volume. 2: General theories, theoretical orientations. | ||
| 650 | 0 | _aFamily. | |
| 700 | 1 |
_aBurr, Wesley R., _d1936- |
|
| 001 | data | ||
| 999 |
_c891 _d891 |
||